000170459 001__ 170459
000170459 005__ 20260422085545.0
000170459 0247_ $$2doi$$a10.1080/17457823.2023.2192170
000170459 0248_ $$2sideral$$a133412
000170459 037__ $$aART-2023-133412
000170459 041__ $$aeng
000170459 100__ $$0(orcid)0000-0001-9734-8596$$aVigo Arrazola, Begoña$$uUniversidad de Zaragoza
000170459 245__ $$aGuest editorial: ethnographies of education for social justice
000170459 260__ $$c2023
000170459 5203_ $$a.
000170459 540__ $$9info:eu-repo/semantics/closedAccess$$aAll rights reserved$$uhttp://www.europeana.eu/rights/rr-f/
000170459 592__ $$a0.4$$b2023
000170459 593__ $$aCultural Studies$$c2023$$dQ1
000170459 593__ $$aGender Studies$$c2023$$dQ2
000170459 593__ $$aEducation$$c2023$$dQ2
000170459 594__ $$a1.8$$b2023
000170459 655_4 $$ainfo:eu-repo/semantics/other$$vinfo:eu-repo/semantics/publishedVersion
000170459 700__ $$aTummons, Jonathan
000170459 7102_ $$14001$$2215$$aUniversidad de Zaragoza$$bDpto. Ciencias de la Educación$$cÁrea Didáctica y Organiz. Esc.
000170459 773__ $$g18, 1 (2023), 1-3$$tEthnography and Education$$x1745-7823
000170459 8564_ $$s653560$$uhttps://zaguan.unizar.es/record/170459/files/texto_completo.pdf$$yVersión publicada
000170459 8564_ $$s905318$$uhttps://zaguan.unizar.es/record/170459/files/texto_completo.jpg?subformat=icon$$xicon$$yVersión publicada
000170459 909CO $$ooai:zaguan.unizar.es:170459$$particulos$$pdriver
000170459 951__ $$a2026-04-22-08:32:51
000170459 980__ $$aARTICLE